Jaime Achocalla : (Record no. 1213)

MARC details
000 -LEADER
campo de control de longitud fija 00831nam a22002297a 4500
008 - DATOS DE LONGITUD FIJA--INFORMACIÓN GENERAL
campo de control de longitud fija 170628s2016 bo||||| |||| 00| 0 spa d
082 04 - NÚMERO DE LA CLASIFICACIÓN DECIMAL DEWEY
Número de clasificación 709.2
Número de ítem A179p
100 1# - ENTRADA PRINCIPAL--NOMBRE DE PERSONA
Nombre de persona Achocalla, Jaime.
9 (RLIN) 5845
245 10 - MENCIÓN DEL TÍTULO
Título Jaime Achocalla :
Resto del título puentes visuales /
Mención de responsabilidad, etc. Jaime Achocalla ; entrevista por Sergio Gareca.
250 ## - MENCION DE EDICION
Mención de edición 1a edición.
260 ## - PUBLICACIÓN, DISTRIBUCIÓN, ETC.
Lugar de publicación, distribución, etc. La Paz, Bolivia :
Nombre del editor, distribuidor, etc. A ediciones,
Fecha de publicación, distribución, etc. 2016.
300 ## - DESCRIPCIÓN FÍSICA
Extensión 62 páginas :
Otras características físicas ilustraciones en color,
Material acompañante/anejo 1 CD-ROOM.
440 0# - MENCIÓN DE SERIE/PUNTO DE ACCESO ADICIONAL--TÍTULO
Título Retratos tempranos.
9 (RLIN) 5844
505 0# - NOTA DE CONTENIDO CON FORMATO
Título Biografía del artista.
-- Entrevista
Mención de responsabilidad Sergio Gareca.
Título Ensayo
Mención de responsabilidad Ramiro Garavito.
Título Selección de obras: Puentes visuales.
653 10 - TÉRMINO DE INDIZACIÓN--NO CONTROLADO
Término no controlado Arte contamporáneo
653 10 - TÉRMINO DE INDIZACIÓN--NO CONTROLADO
Término no controlado Biografía
653 10 - TÉRMINO DE INDIZACIÓN--NO CONTROLADO
Término no controlado Arte - Bolivia
653 10 - TÉRMINO DE INDIZACIÓN--NO CONTROLADO
Término no controlado Ensayos
653 10 - TÉRMINO DE INDIZACIÓN--NO CONTROLADO
Término no controlado Arte - Identidad
653 10 - TÉRMINO DE INDIZACIÓN--NO CONTROLADO
Término no controlado Artistas visuales
700 1# - ENTRADA AGREGADA--NOMBRE PERSONAL
Nombre de persona Gareca, Sergio.
9 (RLIN) 5846
Holdings
Estatus retirado Estado de pérdida Fuente del sistema de clasificación o colocación Estado de daño No para préstamo Biblioteca de origen Biblioteca actual Ubicación en estantería Fecha de adquisición Total de préstamos Signatura topográfica completa Código de barras Visto por última vez Precio de reemplazo Tipo de ítem Koha
    Clasificación Decimal Dewey     Biblioteca LadoV Biblioteca LadoV   28/06/2017   709.2 A179p 004403 28/06/2017 28/06/2017 Material 01